| 000 | 01728cam a2200313Ia 4500 | ||
|---|---|---|---|
| 001 | tobearwitnesstha01newi | ||
| 003 | CaSfIA | ||
| 005 | 20210119103128.0 | ||
| 007 | cr|||| | ||
| 008 | 920225s1991 vaua 001 0 eng d | ||
| 040 |
_aDAY _cDAY _dOCLCQ _dOCLCG _dCaSfIA |
||
| 035 | _a(OCoLC)25329312 | ||
| 043 |
_an-us-ga _ae-po--- |
||
| 090 |
_aBT660.C55 _bT6 1991 |
||
| 245 | 0 | 0 |
_aTo bear witness that I am the living Son of God : _h[electronic resource] _breported teaching and messages to the world from Our Lord and Our Loving Mother / _ccompiled by Our Loving Mother's Children. |
| 260 |
_aNewington, Va. : _bOur Loving Mother's Children, _cc1991. |
||
| 300 |
_av. ; _c22 cm. |
||
| 500 | _aCover title: "What do you ask of me? To bear witness that I am the living Son of God." | ||
| 600 | 0 | 0 |
_aMary, _cBlessed Virgin, Saint _xApparitions and miracles _zGeorgia _zConyers. |
| 600 | 0 | 0 |
_aMary, _cBlessed Virgin, Saint _xApparitions and miracles _zPortugal _zFátima. |
| 600 | 1 | 0 | _aFowler, Nancy. |
| 651 | 0 |
_aConyers (Ga.) _xReligious life and customs. |
|
| 740 | 0 | 1 | _aWhat do you ask of me? : To bear witness that I am the living Son of God. |
| 856 | 4 | 1 |
_uhttp://www.archive.org/details/tobearwitnesstha01newi _zFree eBook from the Internet Archive _3Volume 1 |
| 856 | 4 | 2 |
_uhttp://www.openlibrary.org/books/OL24222064M _zAdditional information and access via Open Library _3Volume 1 |
| 942 | _cEB | ||
| 506 | _fНеобхідна авторизація на https://archive.org/ (створення облікового запису безкоштовно) | ||
| 506 | _fНеобхідна авторизація на https://openlibrary.org/ (створення облікового запису безкоштовно) | ||
| 999 |
_c557970 _d557970 |
||